Teoretické a experimentálne vyšetrovanie asynchrónného motora s dvojitou klietkou a hlbokými drážkami pri frekvenčnej regulácii : číslo výskumnej úlohy P-03-124-011

Salvato in:
Dettagli Bibliografici
Autori principali: Mayer, Imrich (Autore), Végh, Alexander (Autore), Borba, Ladislav, 1943- (Autore), Spišiak, Ján (Autore)
Altri autori: Němeček, Jaroslav (Capo team ricerca)
Natura: Libro
Pubblicazione: Bratislava : SVŠT v Bratislave EF, 1975
Tags: Aggiungi Tag
Nessun Tag, puoi essere il primo ad aggiungerne!!

MARC

LEADER 00000nam a22000003a 4500
001 stu235005
005 20150617230144.9
008 110928s1975----------------------------d
040 |a STU  |b slo 
041 0
100 1 |a Němeček, Jaroslav  |4 rth 
245 1 |a Teoretické a experimentálne vyšetrovanie asynchrónného motora s dvojitou klietkou a hlbokými drážkami pri frekvenčnej regulácii :  |b číslo výskumnej úlohy P-03-124-011 
260 |a Bratislava :  |b SVŠT v Bratislave EF,  |c 1975 
300 |a 31 s 
700 1 |a Mayer, Imrich  |4 aut 
700 1 |a Végh, Alexander  |4 aut 
700 1 |a Borba, Ladislav,  |d 1943-  |4 aut  |u E120  |U FEI Fakulta elektrotechniky a informatiky  |T FEI Katedra elektrických strojov a prístrojov  |X 2198  |U E120  |Y 58  |7 A000002198 
700 1 |a Spišiak, Ján  |4 aut 
996 |b EVYSK-S-179  |c E*VYSK-S-179  |l E  |s P  |a 0  |w stu235005_0001